Normal view MARC view
  • United Kingdom

Entry Corporate Name

Number of records used in: 1

001 - CONTROL NUMBER

  • control field: 4587

003 - CONTROL NUMBER IDENTIFIER

  • control field: OSt

005 - DATE AND TIME OF LATEST TRANSACTION

  • control field: 20190806150234.0

008 - FIXED-LENGTH DATA ELEMENTS

  • fixed length control field: 040212n| aaannaabn |n ana d

040 ## - CATALOGING SOURCE

  • Original cataloging agency: OSt
  • Transcribing agency: OSt

110 ## - HEADING--CORPORATE NAME

  • Corporate name or jurisdiction name as entry element: United Kingdom
  • Subordinate unit: Parliament
  • Subordinate unit: House of Commons
  • Subordinate unit: Select Committee on Transport, Local Government and the Regions

410 ## - SEE FROM TRACING--CORPORATE NAME

  • Corporate name or jurisdiction name as entry element: United Kingdom
  • Subordinate unit: House of Commons
  • Subordinate unit: Select Committee on Transport, Local Government and the Regions

410 ## - SEE FROM TRACING--CORPORATE NAME

  • Corporate name or jurisdiction name as entry element: House of Commons
  • Subordinate unit: Select Committee on Transport

410 ## - SEE FROM TRACING--CORPORATE NAME

  • Corporate name or jurisdiction name as entry element: DTLR Select Committee

410 ## - SEE FROM TRACING--CORPORATE NAME

  • Corporate name or jurisdiction name as entry element: Select Committee on Transport, Local Government and the Regions

410 ## - SEE FROM TRACING--CORPORATE NAME

  • Corporate name or jurisdiction name as entry element: Transport, Local Government and the Regions Select Committee

670 ## - SOURCE DATA FOUND

  • Source citation: Transport, Local Government and the Regions, 2002